Egypt (Record no. 9067)

MARC details
000 -LEADER
fixed length control field 00615nam a2200241 a 4500
020 ## - INTERNATIONAL STANDARD BOOK NUMBER
ISBN 0706939
082 00 - DEWEY DECIMAL CLASSIFICATION NUMBER
Classification number 962.054
Author Cutter SHO
100 ## - MAIN ENTRY--AUTHOR NAME
Author name Shoukri, Ghali
245 ## - TITLE STATEMENT
Title Egypt
Sub title Portrait of a President 1971-1981
260 ## - PUBLICATION, DISTRIBUTION, ETC. (IMPRINT)
Place of publication Delhi
Name of publisher Vikas Pub House Pvt. Ltd.
Year of publication 1981
300 ## - PHYSICAL DESCRIPTION
Number of Pages 465p
500 ## - GENERAL NOTE
General note includes index and biblioraphy
505 2# - FORMATTED CONTENTS NOTE
Formatted contents note Appendix
650 ## - SUBJECT ADDED ENTRY--TOPICAL TERM
Topical Term Egypt-History-Sadat
942 ## - ADDED ENTRY ELEMENTS (KOHA)
Koha item type Books
700 1# -
-- Shoukri, Ghali
Holdings
Collection code Home library Current library Date acquired Cost, normal purchase price Full call number Accession Number Koha item type
  Henry Martyn Institute Library Henry Martyn Institute Library 05/30/2007 100.00 962.054 SHO 010470 Books
                   Copyright © 2026 | Henry Martyn Institute | Hyderabad | TS-500052 | INDIA | Implemented by hmi.edu.in
Hit-Count:

Powered by Koha